00633nam a22001815i 4500001000700000003000900007005001700016008004100033040002000074100003300094245004800127260007400175300003100249490005700280650002200337830005600359852003600415157664ES-MaACL20251222063017.0040906s1890 fr |||| | fre d aCAM bspa cCAM1 aLévi, Sylvain, d1863-193513aLe théatre indien / cpar Sylvain Lévi. aParis : bÉmile Bouillon, c1890 (eChartres : fImprimerie Durand) aXV, 429, 121 p. ; c25 cm.1 aBibliothèque de l'Ecole des Hautes Études ; v83 7aTeatro-zIndia 200aBibliothèque de l'École des Hautes Étudesv83 aES-MaACLjC-7605 z-- Enc. hol.